000 00384nam a2200169Ia 4500
005 20250423100405.0
008 250422s9999 xx 000 0 und d
020 _a9789351116691
050 _aTN 871 .S57/
100 _aSharma, Deepak
245 0 _aOil well testing
260 _aNew Delhi
260 _bRandom Publications
260 _c2015
300 _a296 p
942 _cBK
999 _c33164
_d33164